2. Bundesliga - Spieler mit mind. 15 Toren seit 2000/01 - Statistiken

Allgemein
  • Dieses Quiz wurde 67 mal gespielt
  • Das Durchschnittsergebnis liegt bei 30 aus 115
Antwortstatistiken
Saison Tore Spieler % Korrekt
2021/22 30 Simon Terodde
92%
2020/21 24 Simon Terodde
92%
2018/19 29 Simon Terodde
92%
2016/17 25 Simon Terodde
92%
2015/16 25 Simon Terodde
92%
2014/15 16 Simon Terodde
92%
2023/24 22 Robert Glatzel
78%
2022/23 19 Robert Glatzel
78%
2021/22 22 Robert Glatzel
78%
2021/22 21 Marvin Ducksch
74%
2020/21 16 Marvin Ducksch
74%
2019/20 15 Marvin Ducksch
74%
2017/18 18 Marvin Ducksch
74%
2024/25 22 Davie Selke
68%
2004/05 24 Lukas Podolski
68%
2021/22 19 Niclas Füllkrug
68%
2015/16 21 Nils Petersen
58%
2010/11 25 Nils Petersen
58%
2019/20 21 Fabian Klos
56%
2018/19 17 Fabian Klos
56%
2008/09 16 Marek Mintal
50%
2003/04 18 Marek Mintal
50%
2011/12 17 Alexander Meier
48%
2024/25 18 Fisnik Asllani
48%
2022/23 25 Tim Kleindienst
48%
2023/24 22 Haris Tabakovic
46%
2012/13 19 Domi Kumbela
40%
2007/08 20 Milivoje Novakovic
38%
2014/15 17 Rouwen Hennings
38%
2024/25 18 Ragnar Ache
36%
2021/22 19 Philipp Hofmann
32%
2019/20 17 Philipp Hofmann
32%
2001/02 20 Artur Wichniarek
28%
2000/01 18 Artur Wichniarek
28%
2020/21 16 Branimir Hrgota
28%
2009/10 23 Michael Thurk
28%
2010/11 16 Benjamin Lauth
26%
2008/09 15 Benjamin Lauth
26%
2021/22 18 Guido Burgstaller
26%
2010/11 20 Benjamin Auer
24%
2008/09 16 Benjamin Auer
24%
2023/24 22 Christos Tzolis
24%
2024/25 19 Martijn Kaars
24%
2020/21 27 Serdar Dursun
24%
2019/20 16 Serdar Dursun
24%
2016/17 16 Stefan Kutschke
24%
2023/24 17 Marcel Hartel
22%
2012/13 17 Mohamadou Idrissou
22%
2023/24 16 Can Uzun
20%
2014/15 15 Florian Niederlechner
20%
2021/22 17 Luca Pfeiffer
20%
2009/10 20 Marius Ebbers
20%
2002/03 15 Marius Ebbers
20%
2007/08 17 Patrick Helmes
20%
2020/21 15 Simon Zoller
18%
2001/02 17 Thomas Christiansen
18%
2010/11 15 Adrian Ramos
16%
2012/13 18 Daniel Ginczek
16%
2021/22 15 Philipp Tietz
16%
2010/11 15 Sascha Mölders
16%
2013/14 15 Mahir Saglik
14%
2009/10 15 Mahir Saglik
14%
2011/12 17 Olivier Occean
14%
2020/21 16 Dennis Srbeny
12%
2006/07 19 Giovanni Federico
12%
2018/19 18 Lukas Hinterseer
12%
2019/20 19 Manuel Schäffler
12%
2007/08 15 Oliver Neuville
12%
2020/21 15 Robert Zulj
12%
2015/16 17 Bobby Wood
10%
2012/13 15 Boubacar Sanogo
10%
2005/06 18 Christian Eigler
10%
2006/07 17 Edmond Kapllani
10%
2004/05 16 Francisco Copado
10%
2003/04 18 Francisco Copado
10%
2016/17 17 Martin Harnik
10%
2011/12 17 Nick Proschwitz
10%
2018/19 15 Pascal Testroet
10%
2007/08 18 Rob Friend
10%
2002/03 20 Andrey Voronin
8%
2009/10 15 Erik Jendrisek
8%
2021/22 17 John Verhoek
8%
2002/03 18 Matthias Scherz
8%
2012/13 18 Ronny
8%
2024/25 16 Sylla Moussa
8%
2018/19 20 Jhon Cordoba
6%
2008/09 15 Sami Allagui
6%
2004/05 16 Arie van Lent
4%
2001/02 18 Jan Simak
4%
2001/02 19 Marcus Feinbier
4%
2000/01 18 Olivier Djappa
4%
2018/19 15 Sargis Adamyan
4%
2022/23 15 Steven Skrzybski
4%
2007/08 16 Thomas Reichenberger
4%
2004/05 17 Abdelaziz Ahanfouf
2%
2018/19 17 Andrew Wooten
2%
2008/09 16 Cedrick Makiadi
2%
2009/10 15 Christopher Nöthe
2%
2001/02 16 Daniel Stendel
2%
2013/14 15 Jakub Sylvestr
2%
2018/19 16 Philipp Klement
2%
2000/01 16 Sambo Choji
2%
2004/05 15 Stefan Reisinger
2%
2006/07 15 Axel Lawarée
0%
2016/17 15 Aziz Bouhaddouz
0%
2007/08 17 Felix Borja
0%
2002/03 18 Josef Ivanovic
0%
2004/05 17 Klemen Lavric
0%
2000/01 15 Marcel Rath
0%
2004/05 15 Michal Kolomaznik
0%
2002/03 18 Nico Frommer
0%
2001/02 16 Pawel Kryszalowicz
0%
2001/02 15 Rachid Azzouzi
0%
2023/24 16 Ragnar Acha
0%
2002/03 15 Zlatan Bajramovic
0%
Keine übereinstimmenden Quizze gefunden
Verteilung der Resultate
Anzahl Personen mit jedem Resultat
Perzentil nach korrekt beantworteten Fragen
Ihre Resultats-Entwicklung
Sie haben dieses Quiz noch nicht gespielt